000 00395nam a2200145Ia 4500
008 100204s9999 xx 000 0 und d
082 _b19962
100 _aकाकडे द. स.
245 _aवंश
260 _b"चंद्र्रमौळी प्रकाशन , पुणे"
_c1997
300 _a160
630 _aवंश
730 _aवंश
942 _cBOOK
999 _c464384
_d464381